[Event "CHN Team"]
[Site "Zhongshan"]
[Date "2015.07.12"]
[Round "3"]
[White "Zhang, Hanyu"]
[Black "Wang, Li"]
[Result "1/2-1/2"]
[WhiteElo "2221"]
[BlackElo "2401"]
[PlyCount "114"]
[EventDate "2015.07.11"]
[EventType "team-swiss"]
[EventRounds "11"]
[EventCountry "CHN"]
[SourceTitle "CBM 167 Extra"]
[Source "ChessBase"]
[SourceDate "2015.09.14"]
[SourceVersion "1"]
[SourceVersionDate "2015.09.14"]
[SourceQuality "1"]
[WhiteTeam "Chongqing Qiyuan"]
[BlackTeam "Wuxi Tianyi"]
[WhiteTeamCountry "CHN"]
[BlackTeamCountry "CHN"]

1. e4 e6 2. d4 d5 3. Nd2 dxe4 4. Nxe4 Bd7 5. Nf3 Bc6 6. Bd3 Nd7 7. 0-0 Ngf6 8. Ng3 Be7 9. Qe2 Bxf3 10. Qxf3 c6 11. Re1 0-0 12. c3 Re8 13. Nf1 Qc7 14. Bc2 Rad8 15. Bf4 Bd6 16. Bxd6 Qxd6 17. Ne3 Qc7 18. Rad1 Nf8 19. Qg3 Qxg3 20. hxg3 Ng6 21. Nc4 Re7 22. Bxg6 hxg6 23. Ne5 Nd7 24. Nd3 Kf8 25. g4 Ree8 26. f4 Ke7 27. Kf2 Kd6 28. Kf3 Rh8 29. Nf2 Nf6 30. g5 Nd7 31. c4 Kc7 32. c5 b6 33. Ne4 Rb8 34. b3 f6 35. gxf6 gxf6 36. Nd6 Nf8 37. Rc1 Rh5 38. Ne4 Rd5 39. Nxf6 Rxd4 40. cxb6+ axb6 41. Ne4 Ra8 42. Rc2 Kd7 43. Ree2 c5 44. Red2 Rxd2 45. Rxd2+ Ke7 46. Nc3 Nd7 47. g3 Rh8 48. Ne4 Rh1 49. Re2 Ra1 50. Ng5 Nf8 51. Kg4 Rh1 52. Nf3 Nd7 53. Nd2 Nf6+ 54. Kf3 Nd7 55. a4 Rc1 56. Nc4 Rb1 57. Re3 Kf6 1/2-1/2

[Event "Asia Cities-ch 18th"]
[Site "Tagaytay City"]
[Date "2013.10.26"]
[Round "9.3"]
[White "Wang, Li"]
[Black "Woong, Zhi Wei William"]
[Result "1-0"]
[WhiteElo "2415"]
[BlackElo "1794"]
[PlyCount "59"]
[EventDate "2013.10.20"]
[EventType "team-swiss"]
[EventRounds "9"]
[EventCountry "PHI"]
[SourceTitle "EXT 2014"]
[Source "ChessBase"]
[SourceDate "2013.11.20"]
[SourceVersion "1"]
[SourceVersionDate "2013.11.20"]
[SourceQuality "1"]
[WhiteTeam "Wuxi"]
[BlackTeam "Singapore"]
[WhiteTeamCountry "CHN"]
[BlackTeamCountry "SIN"]

1. e4 c5 2. Nf3 e6 3. d4 cxd4 4. Nxd4 a6 5. Bd3 Qc7 6. 0-0 Nf6 7. Qe2 d6 8. f4 Nbd7 9. c4 e5 10. Nf5 Nc5 11. fxe5 dxe5 12. Nc3 Bxf5 13. Rxf5 Ne6 14. Nd5 Qd6 15. Be3 Nd7 16. b4 b6 17. Bc2 g6 18. Rff1 Bg7 19. Ba4 Rb8 20. Nxb6 Rxb6 21. c5 Nd4 22. Qf2 Qe7 23. cxb6 0-0 24. Bxd7 Qxd7 25. a4 Qb7 26. a5 Qxe4 27. Bxd4 exd4 28. Qf3 Qe3+ 29. Kh1 f5 30. b5 1-0

[Event "Asia Cities-ch 18th"]
[Site "Tagaytay City"]
[Date "2013.10.25"]
[Round "8.3"]
[White "Munkhgal, Gombosuren"]
[Black "Wang, Li"]
[Result "1/2-1/2"]
[WhiteElo "2400"]
[BlackElo "2415"]
[PlyCount "33"]
[EventDate "2013.10.20"]
[EventType "team-swiss"]
[EventRounds "9"]
[EventCountry "PHI"]
[SourceTitle "EXT 2014"]
[Source "ChessBase"]
[SourceDate "2013.11.20"]
[SourceVersion "1"]
[SourceVersionDate "2013.11.20"]
[SourceQuality "1"]
[WhiteTeam "Ulaanbaatar"]
[BlackTeam "Wuxi"]
[WhiteTeamCountry "MGL"]
[BlackTeamCountry "CHN"]

1. d4 d5 2. c4 dxc4 3. Nf3 Nf6 4. e3 a6 5. Bxc4 b5 6. Be2 Nbd7 7. 0-0 Bb7 8. a4 b4 9. Nbd2 e6 10. Nb3 c5 11. Bd2 cxd4 12. Nfxd4 e5 13. Bf3 Bxf3 14. Nxf3 Bd6 15. e4 Qe7 16. Bg5 0-0 17. Rc1 1/2-1/2

[Event "CHN-chT"]
[Site "Beijing"]
[Date "2012.07.14"]
[Round "10"]
[White "Wang, Li"]
[Black "Wang, Rui"]
[Result "1/2-1/2"]
[WhiteElo "2400"]
[BlackElo "2407"]
[PlyCount "89"]
[EventDate "2012.04.28"]
[EventType "team-tourn"]
[EventRounds "22"]
[EventCountry "CHN"]
[SourceTitle "EXT 2013"]
[Source "ChessBase"]
[SourceDate "2012.11.22"]
[SourceVersion "1"]
[SourceVersionDate "2012.11.22"]
[SourceQuality "1"]
[WhiteTeam "Wuxi"]
[BlackTeam "Hebei"]
[WhiteTeamCountry "CHN"]
[BlackTeamCountry "CHN"]

1. d4 Nf6 2. c4 e6 3. Nc3 Bb4 4. Nf3 0-0 5. Bg5 h6 6. Bh4 c5 7. Qc2 d5 8. e3 cxd4 9. exd4 dxc4 10. Bxc4 Nbd7 11. 0-0 Nb6 12. Bb3 Bd7 13. Ne5 Rc8 14. Qd3 Be7 15. Bc2 Re8 16. Rfe1 Bc6 17. Nxc6 bxc6 18. Rad1 Nbd5 19. Nxd5 Qxd5 20. b3 Qb5 21. Qf3 Red8 22. h3 Qa5 23. Re2 Kf8 24. Be4 Qb4 25. Rc2 Rxd4 26. Rxd4 Qxd4 27. Bxf6 Bxf6 28. Bxc6 Be5 29. g4 g5 30. Kg2 Rd8 31. Bb5 Kg7 32. Be2 Qf4 33. Qxf4 Bxf4 34. b4 Rd4 35. Bc4 Kg6 36. Kf3 h5 37. Ke2 hxg4 38. hxg4 Bd6 39. Bd3+ Kf6 40. Rc4 Rxc4 41. Bxc4 Bxb4 42. f3 Ke5 43. a4 Bc5 44. Bb5 Kf4 45. Bc4 1/2-1/2

[Event "CHN-chT"]
[Site "Beijing"]
[Date "2012.06.27"]
[Round "5.3"]
[White "Ma, Qun"]
[Black "Wang, Li"]
[Result "1/2-1/2"]
[WhiteElo "2481"]
[BlackElo "2400"]
[PlyCount "131"]
[EventDate "2012.04.28"]
[EventType "team-tourn"]
[EventRounds "22"]
[EventCountry "CHN"]
[SourceTitle "EXT 2014"]
[Source "ChessBase"]
[SourceDate "2013.11.20"]
[SourceVersion "1"]
[SourceVersionDate "2013.11.20"]
[SourceQuality "1"]
[WhiteTeam "Tianjin"]
[BlackTeam "Wuxi"]
[WhiteTeamCountry "CHN"]
[BlackTeamCountry "CHN"]

1. e4 e6 2. d4 d5 3. Nd2 dxe4 4. Nxe4 Bd7 5. Nf3 Bc6 6. Bd3 Nd7 7. 0-0 Ngf6 8. Ned2 Be7 9. Nc4 Be4 10. Bxe4 Nxe4 11. Qe2 Nef6 12. Bf4 0-0 13. Rad1 c6 14. h3 Re8 15. Bg3 Nf8 16. Nce5 N6d7 17. Nd3 Ng6 18. c4 Nh4 19. Bxh4 Bxh4 20. Nde5 Bf6 21. Rd3 Qc7 22. Rfd1 Rad8 23. b3 a6 24. g3 g6 25. Kg2 Kg7 26. Ng4 Be7 27. Qe3 h5 28. Nge5 Nxe5 29. Qxe5+ Qxe5 30. dxe5 Rxd3 31. Rxd3 Kf8 32. Ne1 Rb8 33. Kf3 Ke8 34. Ke2 b5 35. Rd4 Bc5 36. Re4 Rd8 37. Nd3 Be7 38. h4 a5 39. f4 Rd7 40. Ke3 Rd8 41. Rd4 Ra8 42. Kd2 Ra7 43. Kc3 b4+ 44. Kb2 c5 45. Re4 a4 46. Re2 Kd7 47. Nf2 f5 48. bxa4 Rxa4 49. Re3 Kc6 50. Rd3 Ra8 51. Nd1 Rd8 52. Rxd8 Bxd8 53. Kb3 Kb6 54. Ka4 Be7 55. Ne3 Bf8 56. Nc2 Be7 57. a3 bxa3 58. Nxa3 Bf8 59. Nb5 Be7 60. Nd6 Bxd6 61. exd6 Kc6 62. Ka5 Kxd6 63. Kb6 e5 64. fxe5+ Kxe5 65. Kxc5 f4 66. gxf4+ 1/2-1/2

[Event "CHN-chT"]
[Site "Beijing"]
[Date "2012.04.30"]
[Round "3"]
[White "Motylev, Alexander"]
[Black "Wang, Li"]
[Result "1-0"]
[WhiteElo "2683"]
[BlackElo "2400"]
[PlyCount "109"]
[EventDate "2012.04.28"]
[EventType "team-tourn"]
[EventRounds "22"]
[EventCountry "CHN"]
[SourceTitle "CBM 148 Extra"]
[Source "ChessBase"]
[SourceDate "2012.06.22"]
[SourceVersion "1"]
[SourceVersionDate "2012.06.22"]
[SourceQuality "1"]
[WhiteTeam "Chongqing"]
[BlackTeam "Wuxi"]
[WhiteTeamCountry "CHN"]
[BlackTeamCountry "CHN"]

1. e4 e6 2. d4 d5 3. Nc3 Nf6 4. e5 Nfd7 5. f4 c5 6. Nf3 Nc6 7. Be3 Be7 8. Qd2 0-0 9. dxc5 Nxc5 10. 0-0-0 b6 11. Bb5 Bb7 12. Bxc6 Bxc6 13. Nd4 Qc7 14. f5 Rfd8 15. f6 gxf6 16. exf6 Bxf6 17. Rhf1 Be7 18. Bf4 Qb7 19. Qe2 Rf8 20. Bh6 Kh8 21. Nxc6 Qxc6 22. Qg4 Rg8 23. Qd4+ f6 24. Rxf6 e5 25. Rxc6 exd4 26. Nxd5 Bf8 27. Nf4 Bxh6 28. Rxh6 Rad8 29. g3 Rge8 30. Rc6 Rd7 31. b4 Na4 32. Rc4 Rde7 33. Rcxd4 Nc3 34. R1d3 Re1+ 35. Kb2 Na4+ 36. Ka3 b5 37. c4 a6 38. cxb5 axb5 39. Rd5 Ra8 40. Rd8+ Rxd8 41. Rxd8+ Kg7 42. Rd5 Re3+ 43. Rd3 Re1 44. Nd5 Rc1 45. Re3 Rc2 46. Re7+ Kh6 47. Rb7 Rxh2 48. Rxb5 Nb2 49. Kb3 Nd3 50. a4 Nc1+ 51. Kc3 Ne2+ 52. Kc4 Nxg3 53. a5 Ra2 54. Kb3 Ra1 55. Kb2 1-0

[Event "CHN-chT"]
[Site "Beijing"]
[Date "2012.04.29"]
[Round "2"]
[White "Wang, Li"]
[Black "Zeng, Chongsheng"]
[Result "1/2-1/2"]
[WhiteElo "2400"]
[BlackElo "2435"]
[PlyCount "80"]
[EventDate "2012.04.28"]
[EventType "team-tourn"]
[EventRounds "22"]
[EventCountry "CHN"]
[SourceTitle "CBM 148 Extra"]
[Source "ChessBase"]
[SourceDate "2012.06.22"]
[SourceVersion "1"]
[SourceVersionDate "2012.06.22"]
[SourceQuality "1"]
[WhiteTeam "Wuxi"]
[BlackTeam "Guangdong"]
[WhiteTeamCountry "CHN"]
[BlackTeamCountry "CHN"]

1. d4 Nf6 2. c4 g6 3. Nc3 d5 4. cxd5 Nxd5 5. Bd2 Bg7 6. Nf3 0-0 7. Rc1 Nb6 8. e3 N8d7 9. Be2 e5 10. 0-0 c6 11. Qc2 Qe7 12. Rfd1 Re8 13. Be1 exd4 14. Nxd4 Ne5 15. Na4 Nd5 16. Nc5 Bg4 17. h3 Bxe2 18. Qxe2 b6 19. Nd3 c5 20. Nxe5 Qxe5 21. Nf3 Qe6 22. Qc4 Rad8 23. b3 Bf6 24. a4 Ne7 25. Qxe6 fxe6 26. Kf1 Nc6 27. Ke2 Kf7 28. Rxd8 Rxd8 29. Rd1 Rxd1 30. Kxd1 a6 31. Kc2 b5 32. axb5 axb5 33. Bc3 e5 34. e4 Ke6 35. Kd3 Kd6 36. Nd2 Bg5 37. Nf3 Bf6 38. Nd2 h5 39. g3 Ke6 40. Nf3 Nd8 1/2-1/2

[Event "CHN-ch Prelim rap 1st"]
[Site "Hefei"]
[Date "2011.07.04"]
[Round "5"]
[White "Xu, Xiangyu"]
[Black "Wang, Li"]
[Result "0-1"]
[WhiteElo "2016"]
[BlackElo "2402"]
[PlyCount "138"]
[EventDate "2011.07.03"]
[EventType "swiss (rapid)"]
[EventRounds "9"]
[EventCountry "CHN"]
[SourceTitle "CBM 143 Extra"]
[Source "ChessBase"]
[SourceDate "2011.08.29"]
[SourceVersion "1"]
[SourceVersionDate "2011.08.29"]
[SourceQuality "1"]

1. e4 c5 2. Nf3 e6 3. d4 cxd4 4. Nxd4 a6 5. Bd3 Qb6 6. Nb3 Qc7 7. a4 b6 8. Be3 Nf6 9. f4 d6 10. 0-0 Bb7 11. N1d2 Nbd7 12. c4 Nc5 13. Nxc5 bxc5 14. Qc2 Be7 15. Nf3 Nd7 16. Bd2 0-0 17. g4 Rfe8 18. g5 Bf8 19. h4 g6 20. h5 Bg7 21. Bc3 Bxc3 22. Qxc3 d5 23. e5 Kf8 24. cxd5 Bxd5 25. Nd2 Reb8 26. a5 Rb4 27. Nc4 Rab8 28. Rf2 Ba8 29. Bf1 Rb3 30. Qc2 Rg3+ 31. Kh2 Rgb3 32. Rd1 Bd5 33. Bg2 Qc6 34. Nb6 Nxb6 35. Qxb3 Bxb3 36. Bxc6 Bxd1 37. axb6 Rxb6 38. Rd2 Bxh5 39. Ba8 Kg7 40. Kg3 Rb3+ 41. Kh4 h6 42. gxh6+ Kxh6 43. Rc2 Rb4 44. Kg3 g5 45. fxg5+ Kxg5 46. Rxc5 Rb3+ 47. Kf2 Rxb2+ 48. Ke3 Rb5 49. Rc1 Rxe5+ 50. Kd4 Ra5 51. Rg1+ Kf6 52. Rf1+ Ke7 53. Rb1 f5 54. Rh1 e5+ 55. Kc4 Bf7+ 56. Kb4 Rb5+ 57. Ka4 e4 58. Rh7 Kf6 59. Rh6+ Bg6 60. Bc6 Rb8 61. Ka5 e3 62. Kxa6 Kg5 63. Rh1 Bh5 64. Rg1+ Bg4 65. Bb5 Kf4 66. Bd3 Rb2 67. Re1 e2 68. Rg1 Ke3 69. Bb5 Kd4 0-1

[Event "Ho Chi Minh City HD Bank op 1st"]
[Site "Ho Chi Minh City"]
[Date "2011.01.07"]
[Round "7"]
[White "Panopio, Rodolfo Jr"]
[Black "Wang, Li"]
[Result "0-1"]
[WhiteElo "2179"]
[BlackElo "2394"]
[PlyCount "136"]
[EventDate "2011.01.04"]
[EventType "swiss"]
[EventRounds "9"]
[EventCountry "VIE"]
[SourceTitle "CBM 140 Extra"]
[Source "ChessBase"]
[SourceDate "2011.03.01"]
[SourceVersion "1"]
[SourceVersionDate "2011.03.01"]
[SourceQuality "1"]

1. e4 c5 2. c3 d5 3. exd5 Qxd5 4. d4 Nc6 5. Nf3 e6 6. Na3 a6 7. Nc2 cxd4 8. Ncxd4 Nf6 9. Be2 Be7 10. 0-0 0-0 11. Nxc6 Qxc6 12. Bf4 Rd8 13. Qc2 Bd6 14. Bxd6 Rxd6 15. Rfe1 Qc7 16. Rad1 Rxd1 17. Rxd1 Bd7 18. Nd4 e5 19. Nf5 g6 20. Ne3 Bc6 21. Qd3 Re8 22. Qd6 Qe7 23. f3 Kf8 24. Qxe7+ Kxe7 25. Bc4 Rc8 26. Kf2 Bd7 27. Nd5+ Nxd5 28. Bxd5 f5 29. Ke3 a5 30. f4 e4 31. Kd4 Be6 32. Bxe6 Kxe6 33. Ke3 h6 34. h3 a4 35. a3 Rc5 36. Rd4 Rb5 37. Rxa4 Rxb2 38. g4 Rh2 39. gxf5+ gxf5 40. Rb4 Rxh3+ 41. Kd4 Rd3+ 42. Kc4 Rf3 43. Rb6+ Kf7 44. Rxb7+ Kg6 45. a4 Rxf4 46. a5 Rf1 47. a6 Ra1 48. a7 h5 49. Kb5 e3 50. Rb6+ Kg5 51. Ra6 Rxa6 52. Kxa6 e2 53. a8Q e1Q 54. Qd8+ Kg4 55. Qd4+ f4 56. c4 Qe3 57. Qg7+ Kh3 58. Qd7+ Kh2 59. Qd6 Qg3 60. Qd2+ Kh3 61. Qd7+ Qg4 62. Qd3+ f3 63. c5 Kg2 64. Qc2+ f2 65. c6 Kg3 66. Qc3+ Qf3 67. Qc5 Kg2 68. Qg5+ Kh3 0-1

[Event "Ho Chi Minh City HD Bank op 1st"]
[Site "Ho Chi Minh City"]
[Date "2011.01.04"]
[Round "1"]
[White "Wang, Li"]
[Black "Nguyen, Sy Hung"]
[Result "1-0"]
[WhiteElo "2394"]
[BlackElo "2037"]
[PlyCount "103"]
[EventDate "2011.01.04"]
[EventType "swiss"]
[EventRounds "9"]
[EventCountry "VIE"]
[SourceTitle "CBM 140 Extra"]
[Source "ChessBase"]
[SourceDate "2011.03.01"]
[SourceVersion "1"]
[SourceVersionDate "2011.03.01"]
[SourceQuality "1"]

1. d4 g6 2. c4 Bg7 3. Nc3 d6 4. e4 Nc6 5. Nge2 Nf6 6. h3 0-0 7. Be3 e5 8. d5 Ne7 9. g4 c6 10. Ng3 a6 11. Qd2 cxd5 12. cxd5 Bd7 13. Bd3 b5 14. g5 Ne8 15. 0-0-0 f5 16. gxf6 Nxf6 17. Kb1 Rf7 18. Nce2 Nc8 19. Rc1 a5 20. f4 Nb6 21. fxe5 dxe5 22. Nc3 Nc4 23. Bxc4 bxc4 24. Qe2 Rc8 25. Bd2 Ne8 26. h4 h5 27. Rcf1 Bg4 28. Qe3 Rb7 29. Rh2 Nd6 30. Qg5 Qe8 31. Rhf2 Rcb8 32. Bc1 Bh3 33. Rg1 Rf7 34. Nh1 Rxf2 35. Nxf2 Bd7 36. Qxg6 Qxg6 37. Rxg6 Ne8 38. Bg5 a4 39. Ra6 Bf8 40. Nxa4 Bb5 41. Ra7 Bxa4 42. Rxa4 Bc5 43. Nd1 Bd4 44. Be7 c3 45. Rb4 Rxb4 46. Bxb4 cxb2 47. Bc3 Nd6 48. Bxd4 exd4 49. Nf2 Nc4 50. Nd3 Nd2+ 51. Kxb2 Nxe4 52. Nf4 1-0

[Event "CHN-chT 6th"]
[Site "China"]
[Date "2010.10.14"]
[Round "14"]
[White "Wang, Li"]
[Black "Yu, Shaoteng"]
[Result "0-1"]
[WhiteElo "2383"]
[BlackElo "2529"]
[PlyCount "102"]
[EventDate "2010.04.16"]
[EventType "team-tourn"]
[EventRounds "18"]
[EventCountry "CHN"]
[SourceTitle "EXT 2011"]
[Source "ChessBase"]
[SourceDate "2010.11.26"]
[SourceVersion "1"]
[SourceVersionDate "2010.11.26"]
[SourceQuality "1"]

1. d4 Nf6 2. Nf3 e6 3. g3 d5 4. Bg2 Be7 5. c4 0-0 6. 0-0 dxc4 7. Qc2 a6 8. a4 Bd7 9. Qxc4 Bc6 10. Bg5 Bd5 11. Qd3 Be4 12. Qe3 Nbd7 13. Nc3 Bc6 14. Qd3 Bb4 15. Rfd1 h6 16. Bf4 a5 17. Ne5 Bxg2 18. Kxg2 Nxe5 19. Bxe5 c6 20. Bxf6 Qxf6 21. Ne4 Qe7 22. Qc4 Rad8 23. Rac1 Qc7 24. e3 Rd5 25. Nc3 Rd7 26. Rd3 Rfd8 27. Rcd1 Qb8 28. Ne4 Rd5 29. Nc3 R8d7 30. Ne4 b5 31. Qc2 Qb7 32. Kg1 bxa4 33. Nc5 Bxc5 34. Qxc5 Qb5 35. Rc3 Qxb2 36. Qxc6 a3 37. Qc5 a2 38. Qxa5 Rd8 39. Qa3 Rb8 40. Kg2 Qe2 41. Rcc1 Rb2 42. Rf1 Rdb5 43. Rce1 Qc4 44. Ra1 g6 45. Qc5 Qd3 46. Qc6 Qxe3 47. Qc4 Qe4+ 48. Kg1 Rc2 49. Qa4 Rbb2 50. Qa3 Qxd4 51. Rad1 Rd2 0-1

[Event "Kuala Lumpur op 7th"]
[Site "Kuala Lumpur"]
[Date "2010.09.04"]
[Round "5"]
[White "Wang, Li"]
[Black "Xu, Yuhua"]
[Result "0-1"]
[WhiteElo "2391"]
[BlackElo "2475"]
[PlyCount "76"]
[EventDate "2010.09.01"]
[EventType "swiss"]
[EventRounds "9"]
[EventCountry "MAS"]
[SourceTitle "CBM 138 Extra"]
[Source "ChessBase"]
[SourceDate "2010.10.29"]
[SourceVersion "1"]
[SourceVersionDate "2010.10.29"]
[SourceQuality "1"]

1. d4 e6 2. c4 Nf6 3. Nc3 Bb4 4. Qc2 c5 5. dxc5 Bxc5 6. Nf3 b6 7. Bf4 Bb7 8. e4 Nc6 9. Rd1 0-0 10. Be2 e5 11. Nxe5 Nd4 12. Qd2 Nxe4 13. Nxe4 Bxe4 14. 0-0 d6 15. Nd3 Qf6 16. Bg3 Rfe8 17. Rfe1 Bc6 18. b4 Rxe2 19. Qf4 Rxe1+ 20. Rxe1 Qxf4 21. Bxf4 Nc2 22. Rb1 Bd4 23. Rc1 Ba4 24. Bxd6 Rc8 25. c5 f6 26. g4 Kf7 27. Kg2 bxc5 28. bxc5 a5 29. Kg3 Nb4 30. Rc4 Bb5 31. Rxd4 Nxd3 32. a4 Ba6 33. Re4 Nxc5 34. Re7+ Kg8 35. Bc7 Kf8 36. Bd6 Rc6 37. Rc7+ Rxd6 38. Rxc5 Rd3+ 0-1

[Event "Kuala Lumpur op 7th"]
[Site "Kuala Lumpur"]
[Date "2010.09.02"]
[Round "3"]
[White "Hukom, David"]
[Black "Wang, Li"]
[Result "0-1"]
[WhiteElo "2130"]
[BlackElo "2391"]
[PlyCount "92"]
[EventDate "2010.09.01"]
[EventType "swiss"]
[EventRounds "9"]
[EventCountry "MAS"]
[SourceTitle "CBM 138 Extra"]
[Source "ChessBase"]
[SourceDate "2010.10.29"]
[SourceVersion "1"]
[SourceVersionDate "2010.10.29"]
[SourceQuality "1"]

1. e4 d5 2. exd5 Qxd5 3. Nc3 Qd6 4. d4 Nf6 5. Bc4 a6 6. Nf3 b5 7. Bd3 Bb7 8. 0-0 e6 9. Re1 Nbd7 10. Ne4 Qb6 11. a4 b4 12. a5 Qa7 13. Bf4 Bd5 14. c4 bxc3 15. bxc3 Be7 16. Nxf6+ Bxf6 17. Qa4 Rd8 18. Ne5 Bxe5 19. Bxe5 0-0 20. Qc2 h6 21. Bf4 c5 22. Re3 cxd4 23. Rg3 f5 24. Bxh6 Rf7 25. c4 Ba8 26. Bg5 Re8 27. Be2 Nc5 28. Bh5 Ne4 29. Bxf7+ Qxf7 30. Re1 Nxg3 31. hxg3 e5 32. Qa4 Re6 33. Qb4 Qe8 34. Qc5 Qc6 35. Qxc6 Bxc6 36. Rb1 Kf7 37. Rb6 Ba4 38. Rb4 Bc2 39. Rb6 Bd3 40. c5 Bb5 41. Bd2 Rc6 42. Bb4 Ke6 43. g4 fxg4 44. g3 Kd5 45. Rxc6 Kxc6 46. Ba3 Be2 0-1

[Event "Kuala Lumpur op 7th"]
[Site "Kuala Lumpur"]
[Date "2010.09.01"]
[Round "1"]
[White "Bennett, Hilton Petrie"]
[Black "Wang, Li"]
[Result "0-1"]
[WhiteElo "1975"]
[BlackElo "2391"]
[PlyCount "42"]
[EventDate "2010.09.01"]
[EventType "swiss"]
[EventRounds "9"]
[EventCountry "MAS"]
[SourceTitle "CBM 138 Extra"]
[Source "ChessBase"]
[SourceDate "2010.10.29"]
[SourceVersion "1"]
[SourceVersionDate "2010.10.29"]
[SourceQuality "1"]

1. e4 d5 2. exd5 Qxd5 3. Nc3 Qd6 4. d4 Nf6 5. g3 Bg4 6. Nf3 Nc6 7. Bf4 Qe6+ 8. Be3 0-0-0 9. Ng5 Qd7 10. f3 Bh5 11. Bb5 a6 12. Bxc6 Qxc6 13. 0-0 e5 14. d5 Nxd5 15. Nxd5 Rxd5 16. Qe2 Be7 17. Ne4 Rd7 18. Qf2 f5 19. Nc3 g5 20. Rae1 f4 21. Bc1 Bc5 0-1

[Event "CHN-chT 6th"]
[Site "China"]
[Date "2010.07.25"]
[Round "8"]
[White "Zhou, Weiqi"]
[Black "Wang, Li"]
[Result "1/2-1/2"]
[WhiteElo "2584"]
[BlackElo "2383"]
[PlyCount "89"]
[EventDate "2010.04.16"]
[EventType "team-tourn"]
[EventRounds "18"]
[EventCountry "CHN"]
[SourceTitle "EXT 2011"]
[Source "ChessBase"]
[SourceDate "2010.11.26"]
[SourceVersion "1"]
[SourceVersionDate "2010.11.26"]
[SourceQuality "1"]

1. d4 d5 2. c4 dxc4 3. e4 e5 4. Nf3 Nf6 5. Nbd2 exd4 6. Bxc4 Be7 7. e5 Nd5 8. Qb3 c6 9. Nxd4 0-0 10. 0-0 Nb6 11. N2f3 Nxc4 12. Qxc4 c5 13. Nb5 Be6 14. Qf4 Nc6 15. Qg3 Qd3 16. a4 Rad8 17. Bf4 Qg6 18. Bc1 Qd3 19. Bf4 Qg6 20. Qxg6 hxg6 21. Ng5 Nd4 22. Nxd4 Rxd4 23. Nxe6 fxe6 24. Be3 Rd5 25. f4 Rfd8 26. Rac1 Kf7 27. Rc3 b6 28. Kf2 Ke8 29. Ke2 Kd7 30. g3 Rb8 31. h4 Kc6 32. Rfc1 a5 33. Kf3 b5 34. axb5+ Rxb5 35. b3 Rd7 36. Ra1 Rdb7 37. Ra3 Rd7 38. Ke2 Rd8 39. Bd2 Rd7 40. Be1 Rd8 41. Bf2 Rd7 42. Rc2 Rdb7 43. Rc3 Rd7 44. Ra2 Rdb7 45. Ra3 1/2-1/2

[Event "All China Games 4th"]
[Site "Hefei"]
[Date "2010.05.19"]
[Round "7"]
[White "Wang, Li"]
[Black "Tan, Zhongyi"]
[Result "1-0"]
[WhiteElo "2383"]
[BlackElo "2464"]
[PlyCount "165"]
[EventDate "2010.05.17"]
[EventType "swiss (rapid)"]
[EventRounds "11"]
[EventCountry "CHN"]
[SourceTitle "CBM 136 Extra"]
[Source "ChessBase"]
[SourceDate "2010.07.02"]
[SourceVersion "2"]
[SourceVersionDate "2010.07.15"]
[SourceQuality "1"]

1. d4 Nf6 2. c4 g6 3. Nc3 d5 4. Nf3 Bg7 5. Bf4 0-0 6. e3 c5 7. dxc5 Qa5 8. Rc1 dxc4 9. Bxc4 Qxc5 10. Bb3 Qa5 11. 0-0 Nc6 12. h3 Bf5 13. Ng5 e5 14. Bg3 Rad8 15. Qf3 h6 16. Nge4 Nxe4 17. Nxe4 Qb4 18. Nc3 e4 19. Qe2 Qa5 20. Rfd1 Rd3 21. Bc4 Rxd1+ 22. Rxd1 Bxc3 23. Rd5 Qb4 24. Rb5 Qe7 25. bxc3 Rd8 26. Qb2 Rd7 27. Rd5 b6 28. Qb5 Rxd5 29. Qxd5 Na5 30. Bd6 Qe6 31. Qa8+ Qc8 32. Bd5 Qxa8 33. Bxa8 Be6 34. Bb8 a6 35. Bc7 Bxa2 36. Bxe4 Nc4 37. Bd5 b5 38. e4 Bb3 39. f4 Nd2 40. Bb7 Bc4 41. e5 Nb3 42. Bxa6 Nc5 43. Bc8 Nd3 44. g3 b4 45. cxb4 Nxb4 46. Bd6 Nc6 47. Kh2 h5 48. Bb7 Nd4 49. Bc5 Ne6 50. Be3 Be2 51. Kg2 Kg7 52. Kf2 Bd1 53. Be4 f5 54. Bd5 Kf7 55. Bc5 Ba4 56. Bb4 Bd7 57. Ke3 Ke8 58. Bc4 Nd8 59. Bd3 Ne6 60. Bc3 Bc6 61. Bc4 Kd7 62. Bf1 Bd5 63. Bb4 Bc6 64. Bd6 Bd5 65. Kd3 h4 66. gxh4 Nxf4+ 67. Kd4 Bc6 68. Bb4 Ne6+ 69. Ke3 Bd5 70. Kf2 Be4 71. Kg3 Kc6 72. Bc4 Bd5 73. Be2 Ng7 74. Bd2 Kd7 75. Kf4 Ne6+ 76. Ke3 Bg2 77. h5 gxh5 78. h4 f4+ 79. Kf2 f3 80. Bd3 Nc5 81. Bf5+ Kc7 82. e6 Nb7 83. e7 1-0

[Event "All China Games 4th"]
[Site "Hefei"]
[Date "2010.05.19"]
[Round "9"]
[White "Wang, Li"]
[Black "Zhang, Pengxiang"]
[Result "0-1"]
[WhiteElo "2383"]
[BlackElo "2603"]
[PlyCount "60"]
[EventDate "2010.05.17"]
[EventType "swiss (rapid)"]
[EventRounds "11"]
[EventCountry "CHN"]
[SourceTitle "CBM 136 Extra"]
[Source "ChessBase"]
[SourceDate "2010.07.02"]
[SourceVersion "2"]
[SourceVersionDate "2010.07.15"]
[SourceQuality "1"]

1. d4 d5 2. c4 c6 3. Nf3 dxc4 4. e3 Be6 5. a4 Nf6 6. Na3 Bd5 7. Nxc4 e6 8. Bd3 c5 9. 0-0 Nc6 10. Nce5 cxd4 11. Nxc6 bxc6 12. Nxd4 e5 13. Ne2 e4 14. Bc2 Bd6 15. Nc3 h5 16. f4 0-0 17. Qe2 Bc5 18. a5 Rb8 19. h3 Rb4 20. Nxd5 cxd5 21. Bd2 Rxb2 22. Bc3 Rxc2 23. Qxc2 Bxe3+ 24. Kh1 Qc7 25. Qb2 Rb8 26. Qa3 d4 27. Bb4 Qc2 28. Ra2 Qc4 29. Rb1 Nd5 30. Rab2 Bc1 0-1

[Event "Asian Continental op 09th"]
[Site "Olongapo City"]
[Date "2010.04.24"]
[Round "4"]
[White "Wang, Li"]
[Black "Datu, Alcon John"]
[Result "1-0"]
[WhiteElo "2383"]
[BlackElo "2220"]
[PlyCount "117"]
[EventDate "2010.04.21"]
[EventType "swiss"]
[EventRounds "9"]
[EventCountry "PHI"]
[SourceTitle "CBM 136 Extra"]
[Source "ChessBase"]
[SourceDate "2010.07.02"]
[SourceVersion "2"]
[SourceVersionDate "2010.07.15"]
[SourceQuality "1"]

1. d4 Nf6 2. c4 e6 3. Nf3 Bb4+ 4. Bd2 Qe7 5. g3 Nc6 6. Bg2 Bxd2+ 7. Nbxd2 d6 8. e4 a5 9. 0-0 e5 10. d5 Nb8 11. h3 0-0 12. Qc2 Na6 13. a3 Bd7 14. b3 c6 15. Qc3 Nc5 16. Qe3 b5 17. dxc6 Bxc6 18. cxb5 Bxb5 19. Rfc1 Rfb8 20. Ne1 Rb7 21. Rc3 Rab8 22. Nc2 Qe6 23. b4 Na4 24. Rb3 Bc6 25. Rab1 d5 26. bxa5 d4 27. Rxb7 Rxb7 28. Qe1 Nc3 29. Rxb7 Bxb7 30. Nb4 Nd7 31. Qf1 Nc5 32. Qc4 Qd6 33. f3 h5 34. h4 Bc8 35. Nb3 N3a4 36. Nxc5 Nxc5 37. Qd5 Qxd5 38. Nxd5 Kf8 39. Bf1 Bb7 40. Nb4 Ke7 41. Bc4 Ne6 42. a6 Ba8 43. a7 Kd6 44. Bd5 Nc7 45. Bxf7 Nb5 46. Bxh5 Nxa7 47. Be8 Ke7 48. Ba4 Bb7 49. g4 Nc8 50. Bb3 Nd6 51. a4 Bc8 52. a5 Nb5 53. Bc4 Na7 54. g5 g6 55. Nd3 Nc6 56. Bd5 Nxa5 57. Nxe5 Nb7 58. Nxg6+ Kd6 59. h5 1-0